Gwara łódzka - Statystyki

Ogólne statystyki
  • Ten quiz został rozwiązany 27 razy
  • Średni wynik to 7 z 19
Statystyki odpowiedzi
łódzki polski % Poprawnych
bajzel bałagan
83%
chichranie śmianie
79%
foliówka torebka/reklamówka
75%
migawka bilet okresowy
67%
taryfa taksówka
58%
krańcówka pętla autobusowa
46%
chęchy krzaki
42%
trambambula piłkarzyki
33%
lajpo/limo podbite oko
33%
szlajać się włóczyć się
29%
angielka bułka paryska
25%
galancie dużo
25%
sznytka kromka
25%
chachmęcić kombinować
21%
siajowe kiepskie
8%
chechłac kroić tępym nożem
4%
bigiel deptak
0%
schodzić wychodzić/odchodzić
0%
ekspres zamek (w kurtce)
0%
Nie znaleziono quizów pasujących do podanych kryteriów
Rozkład punktacji
Procent ludzi z każdym wynikiem
Percentyl według liczby udzielonych odpowiedzi
Twoja historia wyników
Nie rozwiązałeś tego quizu